[Event "Langley op"]
[Site "Langley"]
[Date "2018.09.02"]
[Round "3.8"]
[White "McLaren, Brian"]
[Black "Jose, Marionito"]
[Result "1-0"]
[WhiteElo "2152"]
[BlackElo "1522"]
[PlyCount "79"]
[EventDate "2018.09.01"]
[EventType "swiss"]
[EventRounds "6"]
[EventCountry "CAN"]
[SourceTitle "EXT 2022"]
[Source "ChessBase"]
[SourceDate "2021.10.06"]
[SourceVersion "1"]
[SourceVersionDate "2021.10.06"]
[SourceQuality "1"]

1. e4 g6 2. d4 Bg7 3. Nf3 d6 4. Nc3 a6 5. a4 b6 6. Be3 Nd7 7. Qd2 Bb7 8. Bd3 Ngf6 9. Bh6 Bxh6 10. Qxh6 e5 11. 0-0 Qe7 12. Rfe1 0-0-0 13. Nd5 Nxd5 14. exd5 Qf6 15. dxe5 dxe5 16. b4 Rde8 17. Rab1 Bxd5 18. Bxa6+ Kd8 19. Nd2 Qf4 20. Qxf4 exf4 21. Red1 Ke7 22. Nb3 Nf6 23. Nd4 Ba8 24. Bb5 Rd8 25. Nc6+ Bxc6 26. Bxc6 Rxd1+ 27. Rxd1 Rd8 28. Rxd8 Kxd8 29. Kf1 Nd7 30. Bxd7 Kxd7 31. Ke2 f5 32. Kd3 Kc6 33. Kc4 h5 34. f3 h4 35. h3 g5 36. Kd4 Kd6 37. c3 c5+ 38. bxc5+ bxc5+ 39. Kc4 Ke5 40. Kxc5 1-0

[Event "Langley op"]
[Site "Langley"]
[Date "2018.09.01"]
[Round "2.8"]
[White "Jose, Marionito"]
[Black "Chung, Alec"]
[Result "1-0"]
[WhiteElo "1522"]
[BlackElo "1900"]
[PlyCount "71"]
[EventDate "2018.09.01"]
[EventType "swiss"]
[EventRounds "6"]
[EventCountry "CAN"]
[SourceTitle "EXT 2022"]
[Source "ChessBase"]
[SourceDate "2021.10.06"]
[SourceVersion "1"]
[SourceVersionDate "2021.10.06"]
[SourceQuality "1"]

1. Nf3 Nf6 2. c4 g6 3. g3 Bg7 4. Bg2 0-0 5. 0-0 d5 6. Qc2 c6 7. d3 Re8 8. Nbd2 e5 9. e4 Na6 10. a3 Bg4 11. h3 Bxf3 12. Bxf3 Qd7 13. Bg2 b5 14. b4 bxc4 15. dxc4 d4 16. Qd3 Nc7 17. Nb3 Ne6 18. Re1 Rac8 19. c5 Qb7 20. Na5 Qb5 21. Nc4 a5 22. Bd2 Ra8 23. Bf1 axb4 24. axb4 Nd7 25. Qf3 Qb8 26. Nd6 Re7 27. Bc4 Rxa1 28. Rxa1 Nf6 29. Ra5 Ra7 30. Qa3 Rxa5 31. Qxa5 Bf8 32. Bxe6 fxe6 33. Qa2 Bxd6 34. Qxe6+ Kg7 35. cxd6 Qe8 36. Qxe8 1-0